[Event "European Youth Chess Championship G14"]
[Site "Prague, Top Hotel Prague"]
[Date "2012.08.25"]
[Round "9.10"]
[White "Sucikova, Svetlana"]
[Black "Bluhm, Sonja Maria"]
[Result "0-1"]
[WhiteElo "1843"]
[BlackElo "1977"]
[PlyCount "0"]
[EventDate "2012.08.17"]

1. c4 {[%clk 1:30:54]} g6 {[%clk 1:30:44]} 2. Nc3 {[%clk 1:30:56]} Bg7
{[%clk 1:30:47]} 3. g3 {[%clk 1:31:05]} d6 {[%clk 1:30:37]} 4. Bg2
{[%clk 1:31:25]} e5 {[%clk 1:30:49]} 5. d3 {[%clk 1:31:33]} Ne7 {[%clk 1:30:59]}
6. Nf3 {[%clk 1:31:22]} O-O {[%clk 1:30:52]} 7. O-O {[%clk 1:31:33]} h6
{[%clk 1:29:52]} 8. b4 {[%clk 1:31:14]} e4 {[%clk 1:25:53]} 9. Nxe4
{[%clk 1:26:13]} Bxa1 {[%clk 1:14:46]} 10. d4 {[%clk 1:26:36]} Kg7
{[%clk 0:41:20]} 11. a3 {[%clk 1:03:48]} Bf5 {[%clk 0:38:47]} 12. Ned2
{[%clk 1:01:52]} Bc3 {[%clk 0:33:19]} 13. e4 {[%clk 0:57:11]} Be6
{[%clk 0:32:50]} 14. Nb1 {[%clk 0:50:13]} Bxc4 {[%clk 0:30:51]} 15. Nxc3
{[%clk 0:50:38]} Bxf1 {[%clk 0:31:14]} 16. Bxf1 {[%clk 0:51:04]} Nd7
{[%clk 0:29:42]} 17. d5 {[%clk 0:50:12]} a5 {[%clk 0:27:54]} 18. b5
{[%clk 0:50:24]} Ne5 {[%clk 0:26:53]} 19. Nd4 {[%clk 0:50:47]} Ng8
{[%clk 0:22:49]} 20. f4 {[%clk 0:50:21]} Nd7 {[%clk 0:23:12]} 21. h4
{[%clk 0:50:32]} Ngf6 {[%clk 0:22:54]} 22. Bh3 {[%clk 0:49:44]} Re8
{[%clk 0:18:13]} 23. Qf3 {[%clk 0:49:33]} Nc5 {[%clk 0:16:43]} 24. f5
{[%clk 0:48:00]} Qe7 {[%clk 0:13:45]} 25. fxg6 {[%clk 0:43:52]} fxg6
{[%clk 0:13:48]} 26. Be6 {[%clk 0:37:58]} Kh7 {[%clk 0:08:38]} 27. g4
{[%clk 0:34:52]} Qg7 {[%clk 0:07:40]} 28. Kg2 {[%clk 0:17:05]} Rf8
{[%clk 0:04:38]} 29. Qe3 {[%clk 0:12:59]} Rae8 {[%clk 0:04:15]} 30. Kh3
{[%clk 0:11:08]} Ng8 {[%clk 0:03:20]} 31. Nce2 {[%clk 0:09:25]} Nxe6
{[%clk 0:03:18]} 32. dxe6 {[%clk 0:09:32]} Qf6 {[%clk 0:03:23]} 33. Ng3
{[%clk 0:09:12]} c5 {[%clk 0:02:54]} 34. bxc6 {[%clk 0:08:45]} bxc6
{[%clk 0:03:24]} 35. h5 {[%clk 0:08:27]} c5 {[%clk 0:02:41]} 36. hxg6+
{[%clk 0:08:17]} Qxg6 {[%clk 0:03:06]} 37. Nde2 {[%clk 0:08:39]} Nf6
{[%clk 0:03:09]} 38. Nf5 {[%clk 0:06:31]} Qxg4+ {[%clk 0:03:01]} 39. Kh2
{[%clk 0:06:56]} Qh5+ {[%clk 0:02:28]} 40. Kg2 {[%clk 0:37:19]} Nxe4
{[%clk 0:32:01]} 41. Neg3 {[%clk 0:34:58]} Nxg3 {[%clk 0:31:41]} 42. Nxg3
{[%clk 0:35:24]} Qd5+ {[%clk 0:31:30]} 43. Kh2 {[%clk 0:34:29]} Qxe6
{[%clk 0:31:33]} 44. Qd3+ {[%clk 0:34:25]} Qg6 {[%clk 0:31:32]} 45. Qd5
{[%clk 0:33:56]} Rf2+ {[%clk 0:30:15]} 46. Kh3 {[%clk 0:34:16]} Qe6+
{[%clk 0:30:38]} 0-1

[Event "European Youth Chess Championship G14"]
[Site "Prague, Top Hotel Prague"]
[Date "2012.08.25"]
[Round "9.11"]
[White "Wozniak, Mariola"]
[Black "Wu, Min"]
[Result "1-0"]
[WhiteElo "1966"]
[BlackElo "1831"]
[PlyCount "71"]
[EventDate "2012.08.17"]

1. e4 e5 2. Nf3 Nc6 3. Nc3 Nf6 4. d4 exd4 5. Nxd4 Bb4 6. Nxc6 bxc6 7. Bd3 d5 8.
exd5 cxd5 9. O-O O-O 10. Bg5 c6 11. Qf3 Bd6 12. h3 Be5 13. Rab1 Qd6 14. Ne2 Rb8
15. c3 h6 16. Bf4 Re8 17. b4 Bd7 18. Bxe5 Rxe5 19. Nd4 Ne4 20. Bxe4 dxe4 21.
Qf4 Rbe8 22. Rfe1 Qg6 23. h4 Bh3 24. Qh2 Bf5 25. Re3 c5 26. bxc5 Rxc5 27. Qf4
Qf6 28. Rb8 Rcc8 29. Rb7 Rc5 30. Rxa7 Qb6 31. Rxf7 Kxf7 32. Nxf5 Kg8 33. Nxg7
Kxg7 34. Rg3+ Qg6 35. Rxg6+ Kxg6 36. Qd6+ 1-0

[Event "European Youth Chess Championship G14"]
[Site "Prague, Top Hotel Prague"]
[Date "2012.08.25"]
[Round "9.13"]
[White "Egorova, Ayyyna"]
[Black "Hojjatova, Aydan"]
[Result "1-0"]
[WhiteElo "1833"]
[BlackElo "1920"]
[PlyCount "67"]
[EventDate "2012.08.17"]

1. d4 Nf6 2. c4 g6 3. Nc3 Bg7 4. e4 d6 5. Nf3 O-O 6. Be2 e5 7. O-O Nc6 8. d5
Ne7 9. Ne1 Nd7 10. Be3 f5 11. f3 f4 12. Bf2 h5 13. Rc1 Nf6 14. c5 g5 15. cxd6
cxd6 16. Nb5 b6 17. Qb3 g4 18. Nd3 Kh8 19. Qa3 Ne8 20. Nb4 Bf6 21. Nc6 Nxc6 22.
dxc6 Rg8 23. c7 Qe7 24. Bxb6 g3 25. h3 Be6 26. Bc4 Bxc4 27. Rxc4 Qe6 28. Rfc1
d5 29. Rc6 Be7 30. Rxe6 Bxa3 31. c8=Q Rxc8 32. Rxc8 axb6 33. bxa3 dxe4 34.
Rcxe8 1-0

[Event "European Youth Chess Championship G14"]
[Site "Prague, Top Hotel Prague"]
[Date "2012.08.25"]
[Round "9.14"]
[White "Santeramo, Alessia"]
[Black "Egyed, Viktoria"]
[Result "1-0"]
[WhiteElo "1867"]
[BlackElo "1748"]
[PlyCount "67"]
[EventDate "2012.08.17"]

1. e4 c5 2. Nc3 e6 3. Nf3 a6 4. d4 cxd4 5. Nxd4 Qc7 6. Bd3 Nf6 7. O-O Be7 8.
Be3 O-O 9. Kh1 b5 10. f4 Bb7 11. e5 Nd5 12. Bd2 d6 13. Qe2 Nd7 14. exd6 Qxd6
15. Ne4 Qb6 16. Nf3 h6 17. c3 Rac8 18. Ng3 Bd6 19. Ne5 Nxe5 20. fxe5 Bc7 21.
Qh5 Ne3 22. Rg1 Rcd8 23. Qe2 Ng4 24. Qxg4 Rxd3 25. Bxh6 Bxe5 26. Nh5 f5 27. Qg6
Rh3 28. Bf4 Rxh5 29. Bxe5 Rh7 30. Rad1 Bd5 31. Rxd5 Qxg1+ 32. Kxg1 exd5 33.
Qxa6 Re8 34. Qxb5 1-0

[Event "European Youth Chess Championship G14"]
[Site "Prague, Top Hotel Prague"]
[Date "2012.08.25"]
[Round "9.15"]
[White "Bulmaga, Elena"]
[Black "Edilsultanova, Zalina"]
[Result "0-1"]
[WhiteElo "1809"]
[BlackElo "1719"]
[PlyCount "74"]
[EventDate "2012.08.17"]

1. d4 Nf6 2. c4 e6 3. Nc3 Bb4 4. e3 b6 5. Nge2 Ba6 6. a3 Be7 7. Ng3 d5 8. Qa4+
Qd7 9. Qxd7+ Kxd7 10. cxd5 Nxd5 11. Bxa6 Nxa6 12. e4 Nxc3 13. bxc3 c5 14. O-O
cxd4 15. cxd4 Rac8 16. Be3 Rc4 17. Rfd1 Rhc8 18. d5 Bc5 19. Bxc5 Nxc5 20. dxe6+
Kxe6 21. f3 Nb3 22. Rab1 Rc1 23. Rdxc1 Rxc1+ 24. Rxc1 Nxc1 25. Nf5 g6 26. Nd4+
Kd7 27. Kf2 Nd3+ 28. Ke3 Ne5 29. Kf4 Nc4 30. a4 Nb2 31. Ke5 Nxa4 32. Kf6 Ke8
33. Nb5 a6 34. Nd6+ Kf8 35. Nxf7 Nc3 36. Nd6 a5 37. e5 a4 0-1

[Event "European Youth Chess Championship G14"]
[Site "Prague, Top Hotel Prague"]
[Date "2012.08.25"]
[Round "9.16"]
[White "Temel, Burcu Melis"]
[Black "Lahav, Michal"]
[Result "1-0"]
[WhiteElo "1615"]
[BlackElo "1744"]
[PlyCount "45"]
[EventDate "2012.08.17"]

1. e4 e6 2. d3 d5 3. Nd2 Nf6 4. Ngf3 c5 5. g3 Nc6 6. Bg2 g6 7. O-O Bg7 8. Re1
O-O 9. Nf1 dxe4 10. dxe4 Qxd1 11. Rxd1 Nxe4 12. c3 Rd8 13. Be3 Bf8 14. Rxd8
Nxd8 15. Ne5 Nf6 16. Rd1 Nc6 17. Nxc6 bxc6 18. Bxc6 Rb8 19. Rd8 Kg7 20. Bf4 Be7
21. Bxb8 Bxd8 22. Bxa7 Be7 23. Nd2 1-0

[Event "European Youth Chess Championship G14"]
[Site "Prague, Top Hotel Prague"]
[Date "2012.08.25"]
[Round "9.17"]
[White "Valieva, Rufina"]
[Black "Jinely, Tamar"]
[Result "1-0"]
[WhiteElo "1928"]
[BlackElo "1789"]
[PlyCount "77"]
[EventDate "2012.08.17"]

1. e4 c5 2. Nf3 Nc6 3. d4 cxd4 4. Nxd4 g6 5. c4 Nf6 6. Nc3 d6 7. Be2 Bg7 8. Be3
O-O 9. O-O Bd7 10. Qd2 Nxd4 11. Bxd4 Bc6 12. f3 a5 13. Rab1 Nd7 14. Be3 Nc5 15.
Nd5 Bxd5 16. cxd5 Qd7 17. Bd3 Rfc8 18. f4 Qa4 19. Bc2 Qxa2 20. Kh1 Qc4 21. Bxc5
Rxc5 22. Bd3 Qb3 23. f5 Rac8 24. Qe2 Bf6 25. fxg6 fxg6 26. h3 Qb4 27. Qg4 Qd4
28. Qe2 Qe5 29. b4 axb4 30. Rxb4 R8c7 31. Ra4 Qb2 32. Qg4 Rc8 33. e5 Qxe5 34.
Bxg6 Kh8 35. Bf5 Rc1 36. Raf4 Rxf1+ 37. Rxf1 Rg8 38. Qh5 Rg7 39. Rc1 1-0

[Event "European Youth Chess Championship G14"]
[Site "Prague, Top Hotel Prague"]
[Date "2012.08.25"]
[Round "9.18"]
[White "Gueci, Tea"]
[Black "Pychova, Nela"]
[Result "0-1"]
[WhiteElo "1917"]
[BlackElo "1786"]
[PlyCount "140"]
[EventDate "2012.08.17"]

1. e4 c5 2. Nf3 d6 3. d4 cxd4 4. Nxd4 Nf6 5. Nc3 g6 6. Bc4 Bg7 7. h3 O-O 8. Bb3
Nc6 9. Be3 Bd7 10. O-O Nxd4 11. Bxd4 Bc6 12. f3 b5 13. a4 b4 14. Nd5 Bxd5 15.
exd5 a5 16. Re1 Nd7 17. Bxg7 Kxg7 18. Qd4+ Kg8 19. Qe3 Re8 20. Bc4 Nb6 21. Bb5
Rf8 22. Rad1 Ra7 23. Kh1 Qc7 24. f4 Rc8 25. Bc6 e6 26. Re2 exd5 27. Bxd5 Nxd5
28. Rxd5 Ra6 29. f5 Qd8 30. Qd4 Rac6 31. f6 Rc4 32. Qf2 R4c5 33. Red2 Rxd5 34.
Rxd5 Qc7 35. Qf4 Qxc2 36. Qxd6 h6 37. Rxa5 Qxb2 38. Rb5 b3 39. Qb4 Qxf6 40.
Qxb3 Rc1+ 41. Kh2 Qf4+ 42. Qg3 Rh1+ 43. Kxh1 Qxg3 44. a5 Qd3 45. Rb7 Qa6 46.
Rb8+ Kg7 47. Re8 Qxa5 48. Kh2 Kf6 49. Rc8 Qe5+ 50. Kh1 Kg5 51. Ra8 f5 52. Ra6
Qe1+ 53. Kh2 Qe2 54. Ra5 Qf2 55. Ra4 f4 56. Ra3 Kf5 57. Ra5+ Ke4 58. Ra4+ Kd5
59. Ra3 g5 60. Ra5+ Kc4 61. Ra3 h5 62. Rf3 Qxf3 63. gxf3 Kd3 64. Kg1 Ke3 65.
Kg2 h4 66. Kg1 Kxf3 67. Kh2 Ke2 68. Kh1 f3 69. Kg1 f2+ 70. Kh2 Ke1 0-1

[Event "European Youth Chess Championship G14"]
[Site "Prague, Top Hotel Prague"]
[Date "2012.08.25"]
[Round "9.19"]
[White "Dmochowska, Agnieszka"]
[Black "Malassagne, Isabelle"]
[Result "0-1"]
[WhiteElo "1770"]
[BlackElo "1897"]
[PlyCount "108"]
[EventDate "2012.08.17"]

1. e4 e6 2. d4 d5 3. Nd2 Nf6 4. e5 Nfd7 5. Bd3 c5 6. c3 Nc6 7. Ne2 cxd4 8. cxd4
f6 9. exf6 Nxf6 10. Nf3 Bd6 11. O-O Qc7 12. Nc3 a6 13. Be3 O-O 14. Rc1 Bd7 15.
Re1 Rac8 16. Ne5 Bxe5 17. dxe5 Qxe5 18. Bc5 Qb8 19. Bxf8 Rxf8 20. Bb1 Qa7 21.
Na4 e5 22. Nc5 Bc8 23. h3 Kh8 24. Qa4 e4 25. Nxa6 Ne5 26. Qb4 Kg8 27. Nc5 Qb8
28. Qb3 Kh8 29. a4 Ng6 30. a5 Qf4 31. Qe3 Qh4 32. Ba2 Nf4 33. Qg3 Qh6 34. Ra1
Bxh3 35. gxh3 Nxh3+ 36. Kf1 Ng4 37. Re2 Nhxf2 38. Rxf2 Rxf2+ 39. Qxf2 Nxf2 40.
Kxf2 Qf4+ 41. Ke2 Qf3+ 42. Ke1 Qe3+ 43. Kd1 Qxc5 44. Bxd5 e3 45. Be4 Qf8 46.
Kc2 Qf2+ 47. Kd3 e2 48. Rc1 g6 49. Bxb7 e1=Q 50. Rxe1 Qxe1 51. a6 Qb4 52. Bd5
Qxb2 53. Bf3 Qa3+ 54. Kd4 g5 0-1

[Event "European Youth Chess Championship G14"]
[Site "Prague, Top Hotel Prague"]
[Date "2012.08.25"]
[Round "9.20"]
[White "Janska, Jitka"]
[Black "Fuskova, Martina"]
[Result "1-0"]
[WhiteElo "1892"]
[BlackElo "1752"]
[PlyCount "53"]
[EventDate "2012.08.17"]

1. e4 c5 2. Nf3 Nc6 3. d4 cxd4 4. Nxd4 e5 5. Nb5 d6 6. N5a3 Be7 7. Nc3 a6 8.
Nc4 b5 9. Ne3 Nf6 10. g3 O-O 11. Bg2 b4 12. Ncd5 Nxd5 13. Nxd5 Bg5 14. O-O Bxc1
15. Rxc1 Rb8 16. Qd2 Be6 17. Ne3 Qa5 18. f4 Rfd8 19. f5 Bd7 20. f6 Be6 21. Kh1
b3 22. c3 h6 23. Nf5 Bxf5 24. exf5 Qc5 25. fxg7 Kh7 26. f6 d5 27. Bh3 1-0

[Event "European Youth Chess Championship G14"]
[Site "Prague, Top Hotel Prague"]
[Date "2012.08.25"]
[Round "9.21"]
[White "Suchomelova, Simona"]
[Black "Sagadijeva, Anna"]
[Result "1/2-1/2"]
[WhiteElo "1742"]
[BlackElo "1890"]
[PlyCount "84"]
[EventDate "2012.08.17"]

1. d4 f5 2. Nf3 Nf6 3. g3 g6 4. Bg2 Bg7 5. O-O O-O 6. Nc3 d6 7. Bf4 c6 8. Re1
d5 9. Ne5 Nbd7 10. Nxd7 Nxd7 11. e3 e5 12. dxe5 Nxe5 13. h4 h6 14. Bxe5 Bxe5
15. Rb1 Kg7 16. Ne2 Qf6 17. c3 Be6 18. Nf4 Bf7 19. Nd3 Bd6 20. Rc1 Rad8 21. Qc2
g5 22. hxg5 hxg5 23. Red1 Rh8 24. b3 Rh6 25. f4 g4 26. Kf2 Qe6 27. Rh1 Rdh8 28.
Rxh6 Rxh6 29. Rh1 Rxh1 30. Bxh1 c5 31. Nc1 b5 32. Ne2 Kf6 33. Bg2 Bc7 34. Qd3
a6 35. Qd2 Bb6 36. b4 a5 37. a3 a4 38. Nc1 Qd6 39. Nd3 Be6 40. bxc5 Bxc5 41.
Nxc5 Qxc5 42. Qd4+ Qxd4 1/2-1/2

[Event "European Youth Chess Championship G14"]
[Site "Prague, Top Hotel Prague"]
[Date "2012.08.25"]
[Round "9.22"]
[White "Dadello, Aleksandra"]
[Black "Rodriguez Manzaneda, Irene"]
[Result "1-0"]
[WhiteElo "1888"]
[BlackElo "1734"]
[PlyCount "111"]
[EventDate "2012.08.17"]

1. e4 c5 2. Nf3 Nc6 3. d4 cxd4 4. Nxd4 Nf6 5. Nc3 e5 6. Ndb5 d6 7. Bg5 a6 8.
Na3 b5 9. Nd5 Be7 10. Bxf6 Bxf6 11. c4 b4 12. Nc2 a5 13. g3 O-O 14. Bg2 Bg5 15.
h4 Bh6 16. Nde3 g6 17. Qd5 Ra6 18. Rd1 Bxe3 19. fxe3 Ne7 20. Qd3 Bg4 21. Rd2
Qc8 22. O-O Rc6 23. b3 Qb7 24. Rf6 Nc8 25. Kh2 Qd7 26. Ne1 Kg7 27. Rdf2 Nb6 28.
Qf1 Qb7 29. Bh3 Bxh3 30. Kxh3 Qe7 31. g4 Nd7 32. g5 Kg8 33. R6f3 Nc5 34. Qg2
Nxe4 35. Rf1 Qd7+ 36. Kh2 Nc3 37. h5 d5 38. hxg6 Rxg6 39. Rh3 d4 40. Nd3 Qd6
41. Qg3 Re8 42. Qh4 Rg7 43. Rf6 Qe7 44. e4 Rd8 45. Rf5 Rc8 46. Nf2 Qb7 47. Rf6
Rc6 48. Rh6 Kf8 49. Rxh7 Rxh7 50. Qxh7 Ne2 51. Qh8+ Ke7 52. Rh7 Nf4 53. Rxf7+
Kxf7 54. Qh7+ Kf8 55. Qxb7 Rg6 56. Qb8+ 1-0

[Event "European Youth Chess Championship G14"]
[Site "Prague, Top Hotel Prague"]
[Date "2012.08.25"]
[Round "9.23"]
[White "Shapar, Tatiana"]
[Black "Kafetzi, Angeliki"]
[Result "0-1"]
[WhiteElo "1845"]
[BlackElo "1687"]
[PlyCount "50"]
[EventDate "2012.08.17"]

1. e4 c5 2. Nf3 d6 3. d4 cxd4 4. Nxd4 Nf6 5. Nc3 a6 6. Bc4 e6 7. Bb3 Nbd7 8. f4
Nc5 9. f5 e5 10. Nf3 Nxb3 11. axb3 Be7 12. O-O b5 13. Bg5 Bb7 14. Qe2 O-O 15.
Rfd1 Qc7 16. Rd3 Rac8 17. b4 Qc4 18. Ne1 Qxb4 19. Rg3 Rfe8 20. Bxf6 Bxf6 21.
Rxa6 Rxc3 22. Rxc3 Bxa6 23. Rc6 Bb7 24. c3 Qa4 25. b3 Qa7+ 0-1

[Event "European Youth Chess Championship G14"]
[Site "Prague, Top Hotel Prague"]
[Date "2012.08.25"]
[Round "9.24"]
[White "Rakic, Teodora"]
[Black "Imanly, Magrura"]
[Result "0-1"]
[WhiteElo "1832"]
[BlackElo "1670"]
[PlyCount "56"]
[EventDate "2012.08.17"]

1. d4 e6 2. c4 f5 3. Nf3 Nf6 4. Nc3 d5 5. g3 c6 6. Bg2 Bd6 7. O-O O-O 8. e3 Qe7
9. a3 b6 10. b4 dxc4 11. Nd2 Nd5 12. Qc2 b5 13. Bb2 a5 14. bxa5 Rxa5 15. Ncb1
Qa7 16. h3 Nb4 17. axb4 Rxa1 18. Bxa1 Qxa1 19. Nc3 Qa3 20. Bxc6 Nxc6 21. Nxb5
Qa6 22. Qxc4 Nxb4 23. Rc1 Nd5 24. Nxd6 Qxd6 25. Qxc8 Rxc8 26. Rxc8+ Kf7 27. Nf3
Kf6 28. Rc1 Nxe3 0-1

[Event "European Youth Chess Championship G14"]
[Site "Prague, Top Hotel Prague"]
[Date "2012.08.25"]
[Round "9.25"]
[White "Kubicka, Anna"]
[Black "Vasova, Maria"]
[Result "0-1"]
[WhiteElo "1642"]
[BlackElo "1804"]
[PlyCount "106"]
[EventDate "2012.08.17"]

1. f4 d6 2. Nf3 g6 3. e4 Bg7 4. d4 Nf6 5. Bd3 O-O 6. O-O Nc6 7. e5 dxe5 8. fxe5
Nd5 9. c4 Nb6 10. Be2 Bg4 11. Be3 Bxf3 12. Rxf3 Qd7 13. Nc3 Rad8 14. c5 Nd5 15.
Bf2 e6 16. Qb3 Rb8 17. Nxd5 Qxd5 18. Bc4 Qd7 19. Qe3 b6 20. cxb6 cxb6 21. Rc1
Rbc8 22. Rc3 Ne7 23. Ba6 Rc7 24. Qe1 Nd5 25. Rxc7 Qxc7 26. Qd2 Qc6 27. Qe2 Qc1+
28. Be1 Bh6 29. g3 Be3+ 30. Kg2 Bxd4 31. Bf2 Qxb2 32. Bxd4 Qxd4 33. Rd3 Qc5 34.
Rf3 Nb4 35. Bc4 Rc8 36. Bb3 Nc6 37. Qf1 Nxe5 38. Rf4 Rc7 39. h4 Qd6 40. Kh3 h5
41. Rf6 Ng4 42. Rf4 Ne3 43. Qf3 Nf5 44. Qa8+ Kg7 45. Qg2 Rc3 46. Qb2 Qd3 47.
Kh2 Qxg3+ 48. Kh1 Kh7 49. Rf2 Qh3+ 50. Kg1 Rg3+ 51. Rg2 Rxg2+ 52. Qxg2 Qxg2+
53. Kxg2 Nxh4+ 0-1

[Event "European Youth Chess Championship G14"]
[Site "Prague, Top Hotel Prague"]
[Date "2012.08.25"]
[Round "9.26"]
[White "Kahya, Gizem"]
[Black "Semonaviciute, Agne"]
[Result "1/2-1/2"]
[WhiteElo "1705"]
[BlackElo "1656"]
[PlyCount "80"]
[EventDate "2012.08.17"]

1. e4 e6 2. d4 d5 3. exd5 exd5 4. Bd3 Bd6 5. Nf3 Bg4 6. Be3 Nc6 7. c3 Nf6 8.
Nbd2 Qe7 9. O-O O-O 10. h3 Bh5 11. Bg5 h6 12. Bh4 g5 13. Re1 Qd7 14. Bg3 Bxg3
15. fxg3 Rae8 16. Qc2 Bxf3 17. Nxf3 Qd6 18. g4 Nd8 19. Ne5 Nd7 20. Nxd7 Qxd7
21. Bf5 Qc6 22. Qd2 Ne6 23. Bxe6 Rxe6 24. Rxe6 Qxe6 25. Re1 Qf6 26. Re5 c6 27.
Qe3 Qg6 28. Rf5 f6 29. Qe6+ Kg7 30. Qe7+ Rf7 31. Qc5 a6 32. Qd6 Rf8 33. Qe7+
Qf7 34. Qxf7+ Kxf7 35. Kf2 Re8 36. g3 Kg6 37. Rf3 Re6 38. Re3 Rxe3 39. Kxe3 Kf7
40. b3 Ke6 1/2-1/2

[Event "European Youth Chess Championship G14"]
[Site "Prague, Top Hotel Prague"]
[Date "2012.08.25"]
[Round "9.27"]
[White "Dzurjaninova, Hana"]
[Black "Shahbazyan, Hasmik"]
[Result "0-1"]
[WhiteElo "1544"]
[BlackElo "1665"]
[PlyCount "82"]
[EventDate "2012.08.17"]

1. e4 Nc6 2. Nc3 e5 3. Nf3 Nf6 4. Bb5 d6 5. d4 exd4 6. Nxd4 Bd7 7. Bg5 Be7 8.
Bf4 Nxd4 9. Bxd7+ Nxd7 10. Qxd4 Bf6 11. Qe3 O-O 12. O-O Re8 13. Rfe1 Nc5 14. f3
Ne6 15. Rad1 Nxf4 16. Qxf4 Bxc3 17. bxc3 Re5 18. Rd5 Qe8 19. Red1 f6 20. Qc1
Qc6 21. Qa3 Qb6+ 22. Kh1 Rxd5 23. exd5 Re8 24. Qc1 Qe3 25. Qa1 Qf2 26. Qb1 Re2
27. Rg1 b6 28. a4 a5 29. c4 Rxc2 30. Qb5 Re2 31. Qd7 Re1 32. Qd8+ Kf7 33. Qd7+
Re7 34. Qh3 Qc2 35. Qh4 Qxa4 36. Re1 Rxe1+ 37. Qxe1 Qe8 38. Qd2 a4 39. h3 a3
40. Qa2 Qe1+ 41. Kh2 Qe5+ 0-1

[Event "European Youth Chess Championship G14"]
[Site "Prague, Top Hotel Prague"]
[Date "2012.08.25"]
[Round "9.28"]
[White "Beluska, Tereza"]
[Black "Dakhundaridze, Nino"]
[Result "0-1"]
[WhiteElo "1496"]
[BlackElo "1635"]
[PlyCount "94"]
[EventDate "2012.08.17"]

1. e4 c5 2. Nf3 Nc6 3. d4 cxd4 4. Nxd4 Nf6 5. Nc3 g6 6. Be3 Bg7 7. f3 O-O 8.
Qd2 d5 9. O-O-O dxe4 10. Nxc6 Qxd2+ 11. Rxd2 bxc6 12. Nxe4 Nd5 13. Bg5 f6 14.
Bh4 Bh6 15. Bc4 Bxd2+ 16. Kxd2 Be6 17. Bg3 Rfd8 18. Kc1 Bf7 19. Ba6 f5 20. Ng5
f4 21. Nxf7 Kxf7 22. Bf2 Rd7 23. Rd1 Rad8 24. Bc4 Kf8 25. Re1 Ne3 26. Bxe3 fxe3
27. b3 Rd2 28. Be2 e5 29. Kb2 R8d4 30. h3 Rf4 31. Kc3 e4 32. a3 g5 33. Bf1 exf3
34. g3 Re4 35. Bd3 f2 36. Rf1 e2 37. Rxf2+ Ke7 38. Bxe4 e1=Q 39. Rxd2 Qxe4 40.
Rd3 Qe1+ 41. Kb2 h5 42. a4 Qe6 43. Kc1 Qxh3 44. Re3+ Kd6 45. Kd2 Qg2+ 46. Kd3
h4 47. gxh4 gxh4 0-1

[Event "European Youth Chess Championship G14"]
[Site "Prague, Top Hotel Prague"]
[Date "2012.08.25"]
[Round "9.30"]
[White "Liscinska, Jana"]
[Black "Pashkuridze, Tamar"]
[Result "0-1"]
[WhiteElo "1589"]
[BlackElo "1538"]
[PlyCount "116"]
[EventDate "2012.08.17"]

1. e4 c6 2. Nc3 d5 3. Nf3 Bg4 4. h3 Bxf3 5. Qxf3 d4 6. Ne2 e5 7. Ng3 Nf6 8. c3
c5 9. Bc4 a6 10. a4 Nc6 11. Nh5 Qe7 12. Nxf6+ Qxf6 13. Qxf6 gxf6 14. O-O Bh6
15. Rb1 Rb8 16. cxd4 cxd4 17. b4 b5 18. axb5 axb5 19. Bd5 Ne7 20. Bb3 O-O 21.
Rd1 Ra8 22. Bb2 Ra7 23. Rbc1 Rc8 24. Rxc8+ Nxc8 25. d3 Bf8 26. Rc1 Nb6 27. Rc6
Na4 28. Bc1 Kg7 29. f4 exf4 30. Bxf4 Bxb4 31. e5 Be7 32. Rc8 Nc3 33. Kf2 Ra3
34. Rc7 Rxb3 35. Rxe7 Nd5 36. exf6+ Kxf6 37. Re4 Rxd3 38. Be5+ Kf5 39. Rxd4
Rxd4 40. Bxd4 b4 41. Kf3 h5 42. g4+ hxg4+ 43. hxg4+ Kg5 44. Bb2 Nc3 45. Bc1+
Kg6 46. Ke3 Na4 47. Kd3 b3 48. Be3 Kf6 49. Kd2 Ke6 50. Kc1 Kd5 51. Kd2 b2 52.
Kc2 Nc3 53. Kxb2 Nd1+ 54. Kc1 Nxe3 55. g5 Ke5 56. Kd2 Ng4 57. Ke2 Kf5 58. Kf3
Kxg5 0-1

[Event "European Youth Chess Championship G14"]
[Site "Prague, Top Hotel Prague"]
[Date "2012.08.25"]
[Round "9.31"]
[White "Vangsgaard, Freja"]
[Black "Silva, Mariana Sofia T"]
[Result "1/2-1/2"]
[WhiteElo "1550"]
[BlackElo "1461"]
[PlyCount "89"]
[EventDate "2012.08.17"]

1. Nf3 d5 2. g3 Nf6 3. Bg2 Nbd7 4. O-O e5 5. d3 Bd6 6. Nbd2 O-O 7. e4 d4 8. Ne1
c5 9. f4 Rb8 10. f5 b5 11. g4 Nb6 12. g5 Ne8 13. Qh5 Be7 14. h4 c4 15. Rf3 Bb4
16. a3 Ba5 17. f6 Qd6 18. Kf2 c3 19. b4 Bxb4 20. axb4 cxd2 21. Bxd2 Na4 22. Kf1
Bd7 23. Kg1 Qc6 24. Rg3 Rb6 25. Bf3 a6 26. Bg4 Bxg4 27. Qxg4 Qe6 28. Qf3 Qc6
29. h5 Nc3 30. Ng2 Qd6 31. Rf1 Qxb4 32. g6 Rxf6 33. gxh7+ Kxh7 34. Rxg7+ Kxg7
35. Qg4+ Kh7 36. Rxf6 Nxf6 37. Qf5+ Kg8 38. Qxf6 Ne2+ 39. Kh2 Qb1 40. Qg5+ Kh7
41. Qf5+ Kg8 42. Qg4+ Kh7 43. Qxe2 Qxc2 44. Qf2 Qc8 45. Qf6 1/2-1/2

[Event "European Youth Chess Championship G14"]
[Site "Prague, Top Hotel Prague"]
[Date "2012.08.25"]
[Round "9.32"]
[White "Verstraeten, Iris"]
[Black "Keetman, Maaike"]
[Result "0-1"]
[WhiteElo "1639"]
[BlackElo "1802"]
[PlyCount "66"]
[EventDate "2012.08.17"]

1. e4 c5 2. Nf3 e6 3. d4 cxd4 4. Nxd4 Nc6 5. Nxc6 bxc6 6. Bd3 d5 7. O-O Nf6 8.
Qe2 Be7 9. Nd2 O-O 10. e5 Nd7 11. c4 Ba6 12. b3 Nxe5 13. Bxh7+ Kxh7 14. Qxe5
Bf6 15. Qh5+ Kg8 16. Rb1 dxc4 17. Nxc4 Qd3 18. Ba3 Rfd8 19. Nd6 Rxd6 20. Bxd6
Qxd6 21. Rfd1 Qa3 22. Rd7 Rf8 23. Rxa7 Bd4 24. Rd7 Qxa2 25. Qd1 Qxf2+ 26. Kh1
c5 27. Rc1 Bb5 28. Rd6 Be5 29. Rd8 Rxd8 30. Qxd8+ Kh7 31. Qg5 Bf1 32. Rd1 Bd4
33. Qh5+ Kg8 0-1

[Event "European Youth Chess Championship G14"]
[Site "Prague, Top Hotel Prague"]
[Date "2012.08.25"]
[Round "9.33"]
[White "Kasapchuk, Oleksandra"]
[Black "Roklicer, Heike"]
[Result "1/2-1/2"]
[WhiteElo "1604"]
[BlackElo "1743"]
[PlyCount "81"]
[EventDate "2012.08.17"]

1. e4 e5 2. Nf3 Nc6 3. Bb5 a6 4. Ba4 b5 5. Bb3 Nf6 6. O-O Bb7 7. Re1 Bc5 8. c3
d6 9. d4 exd4 10. cxd4 Bb4 11. Bd2 Bxd2 12. Qxd2 O-O 13. Nc3 Re8 14. Ng5 Re7
15. Nd5 Nxd5 16. Bxd5 h6 17. Rac1 hxg5 18. Bxc6 Bxc6 19. Rxc6 f6 20. d5 Qe8 21.
f3 g4 22. Rec1 gxf3 23. gxf3 Re5 24. Rxc7 Rg5+ 25. Kh1 Qh5 26. Qf2 Re8 27. Rc8
Rxc8 28. Rxc8+ Kh7 29. Rc6 f5 30. e5 f4 31. Qc2+ g6 32. Rc7+ Kh6 33. Qe4 Qh3
34. Qe2 Rxe5 35. Qd1 Rxd5 36. Qe2 Rd2 37. Rh7+ Kxh7 38. Qe7+ Kh6 39. Qf8+ Kh7
40. Qe7+ Kg8 41. Qe8+ 1/2-1/2

[Event "European Youth Chess Championship G14"]
[Site "Prague, Top Hotel Prague"]
[Date "2012.08.25"]
[Round "9.34"]
[White "Babic, Tijana"]
[Black "Rouffignac, Marie"]
[Result "1-0"]
[WhiteElo "1566"]
[BlackElo "1715"]
[PlyCount "35"]
[EventDate "2012.08.17"]

1. e4 e5 2. Nf3 Nc6 3. d4 exd4 4. Nxd4 Qf6 5. Be3 Bc5 6. c3 Nge7 7. Bc4 b6 8.
O-O O-O 9. f3 d5 10. Bxd5 Nxd5 11. exd5 Ne5 12. Bf2 Ba6 13. Re1 Nd3 14. Re2
Rfe8 15. d6 cxd6 16. Rxe8+ Rxe8 17. Qa4 Nxf2 18. Qxe8# 1-0